000 01124nam a2200277Ia 4500
003 OSt
005 20220923211221.0
006 a|||||r|||| 00| 0
007 ta
008 220922b |||||||| |||| 00| 0 hin d
020 _a9788126730193 (hbk)
_c595
024 _a324,638
037 _bBR6975, 13/03/2018, Rajkamal Prakashan Pvt. Ltd
_cTextual
040 _aARTS
_cARTS
_bhin
041 _2hin
_ahin
082 _aQ0aY15, 152Q8
100 _aसेन, इलीना, संपा.
_9159841
245 0 _aधर्म और जेंडर
_b धर्म सस्था के जरिए जेंडरगत मानस का निर्माण
246 _aDharma aur jeanḍara: dharma sasthā ke jarie jeanḍaragat mānas kā nirmāṇa
260 _aनई दिल्ली
_b राजकमल प्रकाशन
_c2018
300 _a231पृ.
_ccm.
650 _a नारी
650 _aधर्म
942 _hQ0aY15, 152Q8
_cTEXL
_2CC
999 _c297118
_d297118